Paroles - Le temps des cathédrales - Notre Dame de Paris - Statistiques

Statistiques générales
  • Ce quiz a été pris 188 fois
  • Le résultat moyen est 177 sur 217
Statistiques - réponses
Réponse % Correct
cathédrales
99%
de
99%
De
99%
des
99%
Il
99%
le
99%
Le
99%
temps
99%
en
98%
est
98%
Est
98%
venu
96%
un
95%
Dans
94%
dans
94%
entré
94%
a
93%
à
93%
et
93%
millénaire
93%
monde
92%
nouveau
92%
la
91%
La
91%
les
91%
Les
91%
étoiles
87%
ce
85%
vers
84%
histoire
81%
Histoire
81%
monter
81%
ou
81%
pierre
81%
Pierre
81%
son
81%
voulu
81%
pour
79%
Pour
79%
l'an
78%
ces
77%
Ecrire
77%
foutu
76%
L'homme
76%
une
76%
C'est
73%
fin
73%
qui
73%
Qui
73%
au
71%
Dieu
71%
verre
71%
prévue
68%
2000
67%
lieu
67%
belle
66%
Paris
66%
siècle
66%
après
64%
aux
64%
d'amour
64%
venir
64%
siècles
63%
troubadours
63%
amour
62%
ville
62%
anonymes
61%
artistes
61%
avec
61%
jour
61%
portes
61%
chansons
60%
chanté
60%
désir
60%
ses
60%
mains
59%
Ont
59%
rime
59%
barbares
58%
entrer
58%
1482
56%
foule
56%
Laissez
56%
meilleurs
56%
tours
56%
vous
56%
humain
55%
sculpture
55%
vu
54%
genre
53%
poètes
53%
Qu'il
53%
vandales
53%
avait
52%
s'élever
52%
transcrire
48%
Nous
46%
païens
46%
promettaient
46%
Tenterons
44%
bâties
35%
landemains
16%
Aucun quiz correspondant
Distribution des résultats
% des personnes avec chaque résultat
Percentile par nombre de réponses
Votre historique - résultats
Vous n’avez pas pris ce quiz